000 005830000a22001810004500
003 MACL
005 20160320132517.0
008 160320b xxu||||| |||| 00| 0 eng d
040 _aMACL
_cMACL
041 _aHindi
082 _a070
100 _aकृष्‍ण्‍ा बिहारी मिश्र
_947717
245 _aहिन्‍दी पत्रकारिता
260 _bअखिल भारतीय मारवाडी युवा मंच
_c1999
_aदिल्‍ली
350 _a500
650 _aJournalism
_947718
942 _cHIN
_k070
_2ddc
999 _c9785
_d9785